Trouble - Cage the Elephant (all lyrics) - Statistics

General Stats
  • This quiz has been taken 28 times
  • The average score is 205 of 290
Answer Stats
Answer % Correct
a
100%
Trouble
100%
trouble
100%
I
95%
left
95%
my
95%
My
95%
on
95%
right
95%
all
91%
been
91%
by
91%
life
91%
love
91%
me
91%
sweet
91%
through
86%
you
86%
You
86%
facing
82%
I've
82%
almost
77%
pull
77%
the
77%
at
73%
did
73%
do
73%
for
73%
look
73%
of
73%
table
73%
was
73%
We
73%
were
73%
window
73%
won't
73%
Everywhere
68%
glimpse
68%
it
68%
so
68%
catch
64%
don't
64%
God
64%
Got
64%
lose
64%
mind
64%
much
64%
to
64%
let
59%
prove
59%
said
59%
shadows
59%
know
55%
Spoke
55%
spoke
55%
Casting
50%
sun
50%
truth
50%
view
50%
words
50%
and
45%
can
45%
get
45%
if
45%
lot
45%
no
45%
pushing
45%
Ooh
41%
ooh
41%
with
41%
any
36%
come
36%
wicked
36%
didn't
32%
have
32%
heart
32%
rest
32%
time
32%
yeah
32%
pass
27%
place
27%
say
27%
what
27%
Will
27%
will
27%
they
23%
or
18%
test
18%
No matching quizzes found
Score Distribution
Percent of People with Each Score
Percentile by Number Answered
Your Score History
You have not taken this quiz